Normal view
MARC view
- Subayyal Sheikh Asfandyar Imtiaz Adnan Arshad Mirza
Entry Personal Name
001 - CONTROL NUMBER
- control field: 71134
003 - CONTROL NUMBER IDENTIFIER
- control field: NUST
005 - DATE AND TIME OF LATEST TRANSACTION
- control field: 20210628204611.0
008 - FIXED-LENGTH DATA ELEMENTS
- fixed length control field: 210628|| aca||aabn | a|a d
040 ## - CATALOGING SOURCE
- Original cataloging agency: NUST
- Transcribing agency: NUST
100 ## - HEADING--PERSONAL NAME
- Personal name: Subayyal Sheikh Asfandyar Imtiaz Adnan Arshad Mirza
670 ## - SOURCE DATA FOUND
- Source citation: Work cat.: (NUST): Subayyal Sheikh Asfandyar Imtiaz Adnan Arshad Mirza , PR-SOF-1421-INVERTER CONTROL OF SINGLE PHASE AC INDUCTION MOTOR, 2015
